LIBRARY & INFORMATION CENTRE, KCAET, TAVANUR

ONLINE PUBLIC ACCESS CATALOGUE (OPAC)

Water supply, waste disposal and environmental engineering (Record no. 14031)

MARC details
000 -LEADER
fixed length control field 00330nam a22001337a 4500
020 ## - INTERNATIONAL STANDARD BOOK NUMBER
ISBN 9788174098441
082 ## - DEWEY DECIMAL CLASSIFICATION NUMBER
Classification number 628.1
Item number CHA/WA
100 ## - MAIN ENTRY--AUTHOR NAME
Personal name Chatterjee A K
245 ## - TITLE STATEMENT
Title Water supply, waste disposal and environmental engineering
250 ## - EDITION STATEMENT
Edition statement 8
260 ## - PUBLICATION, DISTRIBUTION, ETC. (IMPRINT)
Place of publication New Delhi
Name of publisher Khanna Publishers
Year of publication 2010
300 ## - PHYSICAL DESCRIPTION
Number of Pages 320
942 ## - ADDED ENTRY ELEMENTS (KOHA)
Koha item type Books
Holdings
Withdrawn status Lost status Damaged status Collection code Home library Current library Shelving location Date acquired Source of acquisition Cost, normal purchase price Full call number Accession Number Koha item type
      Non-fiction KAUAET KAUAET General Stacks 30/03/2013 Aman Book Stall, Calicut 330.00 628.1 CHA/WA 24145 Books
free website counter